<?xml version="1.0" encoding="UTF-8"?><?xml-stylesheet type="text/xsl" href="static/style.xsl"?><OAI-PMH xmlns="http://www.openarchives.org/OAI/2.0/" xmlns:xsi="http://www.w3.org/2001/XMLSchema-instance" xsi:schemaLocation="http://www.openarchives.org/OAI/2.0/ http://www.openarchives.org/OAI/2.0/OAI-PMH.xsd"><responseDate>2026-06-07T16:21:47Z</responseDate><request verb="GetRecord" identifier="oai:docta.ucm.es:20.500.14352/101702" metadataPrefix="marc">https://docta.ucm.es/rest/oai/request</request><GetRecord><record><header><identifier>oai:docta.ucm.es:20.500.14352/101702</identifier><datestamp>2025-03-18T12:37:18Z</datestamp><setSpec>com_20.500.14352_14</setSpec><setSpec>col_20.500.14352_21</setSpec></header><metadata><record xmlns="http://www.loc.gov/MARC21/slim" xmlns:dcterms="http://purl.org/dc/terms/" xmlns:xsi="http://www.w3.org/2001/XMLSchema-instance" xmlns:doc="http://www.lyncode.com/xoai" xsi:schemaLocation="http://www.loc.gov/MARC21/slim http://www.loc.gov/standards/marcxml/schema/MARC21slim.xsd">
   <leader>00925njm 22002777a 4500</leader>
   <datafield ind2=" " ind1=" " tag="042">
      <subfield code="a">dc</subfield>
   </datafield>
   <datafield ind2=" " ind1=" " tag="720">
      <subfield code="a">García Morilla, Alejandro Celso</subfield>
      <subfield code="e">author</subfield>
   </datafield>
   <datafield ind2=" " ind1=" " tag="260">
      <subfield code="c">2020</subfield>
   </datafield>
   <datafield ind2=" " ind1=" " tag="520">
      <subfield code="a">“Producir, consumir y conservar lo escrito son las tres articulaciones principales de una historia de la escritura”. Esta frase de Albert d’Haenens constituye el punto de partida para una nueva trilogía de estudios auspiciada por la Sociedad Española de Ciencias y Técnicas Historiográficas. Este primer libro está destinado, como su título indica, a la producción de documentos, inscripciones y libros, su proceso técnico, paleográfico, pero también está dedicado a estudiar y ahondar en sus promotores, sus actores principales, así como los principales talleres productores de lo escrito.</subfield>
   </datafield>
   <datafield ind1="8" ind2=" " tag="024">
      <subfield code="a">García Morilla, A. (2020). Producir, manufacturar y comprar a pequeña escala: La producción epigráfica ligada a los centros artesanales locales. En M. E. Martín López (Ed.), De scriptura et scriptis: producir (pp. 77-87). Universidad de León</subfield>
   </datafield>
   <datafield ind1="8" ind2=" " tag="024">
      <subfield code="a">978-84-9773-994-8</subfield>
   </datafield>
   <datafield ind1="8" ind2=" " tag="024">
      <subfield code="a">https://hdl.handle.net/20.500.14352/101702</subfield>
   </datafield>
   <datafield ind1="8" ind2=" " tag="024">
      <subfield code="a">https://publicaciones.unileon.es/product/de-scriptura-et-scriptis-producir/</subfield>
   </datafield>
   <datafield ind1="8" ind2=" " tag="024">
      <subfield code="a">https://dialnet.unirioja.es/servlet/libro?codigo=775969</subfield>
   </datafield>
   <datafield ind2="0" ind1="0" tag="245">
      <subfield code="a">Producir, manufacturar y comprar a pequeña escala: La producción epigráfica ligada a los centros artesanales locales</subfield>
   </datafield>
</record></metadata></record></GetRecord></OAI-PMH>